| 000 | 00476nam a22001697a 4500 | ||
|---|---|---|---|
| 003 | OSt | ||
| 005 | 20251201144428.0 | ||
| 008 | 251201b |||||||| |||| 00| 0 eng d | ||
| 020 | _a978-0-316-02509-6 | ||
| 040 |
_aDWCL - Main _cOC |
||
| 082 | _aF Z669 2009 | ||
| 100 |
_aZiegesar, Cecily von _eAuthor |
||
| 245 |
_aAdored : _bAn It Girl Novel / _cCecily von Ziegesar |
||
| 260 |
_aUSA: _bAlloy Entertainment, _cc2009. |
||
| 300 |
_a234 pages: _c20cm. |
||
| 942 |
_2ddc _cFIC. _n0 |
||
| 999 |
_c6667 _d6667 |
||